000 00250nam a2200109Ia 4500
008 220204s9999 xx 000 0 und d
082 _a82-3
_bSTE
100 _aStevenson, R L
245 0 _aKidnapped
260 _aNew York
_bAirmont
_c1963
942 _cBK
999 _c38237
_d38237